10 Biggest Cities in the World in 2100 by letter - C - Statistics

General Stats
  • This quiz has been taken 90 times
  • The average score is 6 of 10
Answer Stats
Population City % Correct
40.5 m Cairo
93%
14.5 m Chicago
82%
25.8 m Chennai
81%
5.7 m Chengdu
73%
8.9 m Chongqing
70%
18.8 m Chittagong
45%
4.7 m Colombo
40%
17.2 m Conakry
34%
6.4 m Coimbatore
23%
5.2 m Cotonou
18%
No matching quizzes found
Score Distribution
Percent of People with Each Score
Percentile by Number Answered
Your Score History
You have not taken this quiz